01002nam a2200229 i 450000100060000000300090000600500170001500700030003200800410003510000260007624501470010226000650024930000220031449000510033650000590038770000380044671000580048483000590054285200320060199900170063395201220065034482ES-MaACL20230906154936.0t|030207s1963 sp ||||1| spa d1 aBohlen, Adolf.92982610aMetodología de la enseñanza de los idiomas modernos / cpor Adolf Bohlen ; traducción de la tercera edición de Aurora García Hervas. aMadrid : bDirección General de Enseñanza Media, c1963. a263 p. ; c21 cm.1 aPublicaciones de la Revista Enseñanaza Media aPrecede al tít.: Ministerio de Educación Nacional.1 aGarcía Hervás, Aurora.9547731 aEspaña. bMinisterio de Educación Nacional.938590 aPublicaciones de la Revista Enseñanaza Media9229495 aES-MaACLjC-24631 bR.53355 c34482d34482 00104070aATENEOMbATENEOMcDEPO2d2008-01-17eSCl0oC-24631p1035968r2023-02-23 00:00:00w2023-02-23yMONOGRAFIA